5HLuxD.jpg

KING HENRY VIII SENIOR AND PRIMARY SCHOOL LIBRARY OPAC

The map of stories (Record no. 5770)

000 -LEADER
fixed length control field 01187nam a22003137a 4500
003 - CONTROL NUMBER IDENTIFIER
control field OSt
005 - DATE AND TIME OF LATEST TRANSACTION
control field 20251105130810.0
008 - FIXED-LENGTH DATA ELEMENTS--GENERAL INFORMATION
fixed length control field 251105b ||||| |||| 00| 0 eng d
020 ## - INTERNATIONAL STANDARD BOOK NUMBER
International Standard Book Number 9781984837325
040 ## - CATALOGING SOURCE
Transcribing agency KH8
082 00 - DEWEY DECIMAL CLASSIFICATION NUMBER
Classification number 823.92 JAM
100 1# - MAIN ENTRY--PERSONAL NAME
Personal name James, Anna
Relator term author
245 14 - TITLE STATEMENT
Title The map of stories
250 ## - EDITION STATEMENT
Edition statement US edition
264 #1 - PRODUCTION, PUBLICATION, DISTRIBUTION, MANUFACTURE, AND COPYRIGHT NOTICE
Place of production, publication, distribution, manufacture New York
Name of producer, publisher, distributor, manufacturer Philomel Books
Date of production, publication, distribution, manufacture, or copyright notice 2020
300 ## - PHYSICAL DESCRIPTION
Extent 328 pages
Other physical details colour illustrations
Dimensions 13 cm x 22 cm
490 0# - SERIES STATEMENT
Series statement Pages and Co.
500 ## - GENERAL NOTE
General note "First published as Tilly and the Map of Stories in Great Britain by HarperCollins Children's Books in 2020"--Title page verso.
520 ## - SUMMARY, ETC.
Summary, etc. Tilly Pages and her friend Oskar journey to Washington, D.C., where she wanders inside the books at the Library of Congress and they try to stop a nefarious plan with some powerful help.
521 ## - TARGET AUDIENCE NOTE
Target audience note Ages 8-12.
Source Philomel Books.
521 ## - TARGET AUDIENCE NOTE
Target audience note Grades 4-6.
Source Philomel Books.
610 21 - SUBJECT ADDED ENTRY--CORPORATE NAME
Corporate name or jurisdiction name as entry element Library of Congress
Form subdivision Fiction
650 #1 - SUBJECT ADDED ENTRY--TOPICAL TERM
Topical term or geographic name entry element Books and reading
Form subdivision Fiction
650 #1 - SUBJECT ADDED ENTRY--TOPICAL TERM
Topical term or geographic name entry element Characters in literature
Form subdivision Fiction.
650 #1 - SUBJECT ADDED ENTRY--TOPICAL TERM
Topical term or geographic name entry element Magic
Form subdivision Fiction.
651 #1 - SUBJECT ADDED ENTRY--GEOGRAPHIC NAME
Geographic name Washington D.C.
Form subdivision Fiction
700 1# - ADDED ENTRY--PERSONAL NAME
Personal name Escobar, Paola
Relator term illustrator
942 ## - ADDED ENTRY ELEMENTS (KOHA)
Source of classification or shelving scheme
Koha item type Books - Fiction
Holdings
Withdrawn status Lost status Source of classification or shelving scheme Damaged status Not for loan Collection code Permanent Location Current Location Shelving location Date acquired Full call number Barcode Date last seen Price effective from Koha item type Public note
          Fiction KH8 Primary School Library KH8 Primary School Library Fiction 2025-11-05 823.92 JAM KHPL000007374 2025-12-05 2025-11-05 Books - Fiction PRIMARY LIBRARY

Powered By KH8 IT Dept